000 00644nam a2200229Ia 4500
008 131103s9999 xx 000 0 und d
020 _a818900039X
_cRs 2295
040 _aLoreto College
041 _aEnglish
082 _a378.34/DAW
_bLCLIB/44626
100 _aDawra, Sudhir
245 _aIndia
_b Grants and Scholarships
_cSudhir Dawra
260 _aNew Delhi
_bVishvabharti Publications
_c2005
300 _av,1681p
_c 24 cm
504 _aIncludes index
630 _aGrants
630 _aHigher Education Grants
650 _aHigher Education Scholarships
651 _aScholarships
850 _aLCLB/378.34/DAW
942 _cBK
999 _c12744
_d63223